A colombiada ou A fé levada ao novo mundo / (Record no. 152274)

MARC details
000 -LEADER
campo de control de longitud fija 00967nam a22002175i 4500
001 - NÚMERO DE CONTROL
campo de control 152274
003 - IDENTIFICADOR DE NÚMERO DE CONTROL
campo de control ES-MaACL
005 - FECHA Y HORA DE LA ÚLTIMA TRANSACCIÓN
campo de control 20251009191037.0
008 - DATOS DE LONGITUD FIJA--INFORMACIÓN GENERAL
campo de control de longitud fija 981201s1893 po |||| | por d
040 ## - FUENTE DE CATALOGACIÓN
Centro catalogador/agencia de origen CCPB | B
Lengua de catalogación spa
Centro/agencia transcriptor CCPB | B
100 1# - ENTRADA PRINCIPAL--NOMBRE DE PERSONA
Nombre de persona Lepage du Boccage, Marie-Anne.
9 (RLIN) 148073
245 12 - MENCIÓN DEL TÍTULO
Título A colombiada ou A fé levada ao novo mundo /
Mención de responsabilidad, etc. epopèa de Mme. du Bocage ; vertida en linguagem vernacula e offerecida a sua majestade a rainha Dona Amelia de Orléans e Bragança pelo visconde de Seabra.
260 ## - PUBLICACIÓN, DISTRIBUCIÓN, ETC.
Lugar de publicación, distribución, etc. Lisboa :
Nombre del editor, distribuidor, etc. [s.n.],
Fecha de publicación, distribución, etc. 1893 (
Fabricante por orden e na typographia da Academia Real das Sciencias)
300 ## - DESCRIPCIÓN FÍSICA
Extensión XIII, 233 p. ;
Dimensiones 22 cm.
500 ## - NOTA GENERAL
Nota general El encabezamiento consta en Bouillet.- Dict. snio. d'Hist. et de Geogr.
700 1# - ENTRADA AGREGADA--NOMBRE PERSONAL
Nombre de persona Seabra, António Luís de,
Títulos y otros términos asociados al nombre Visconde de
9 (RLIN) 132603
740 0# - ENTRADA AGREGADA--TÍTULO RELACIONADO/ANALÍTICO NO CONTROLADO
Título relacionado o analítico no controlado A fé levada ao novo mundo.
852 ## - LOCALIZACIÓN
Ubicación ES-MaACL
Número de control de estantería G-8729
Nota libre -- Enc. hol. conservando la cub. original
Holdings
Estatus retirado Estado de pérdida Estado de daño No para préstamo Colección Biblioteca de origen Biblioteca actual Ubicación en estantería Fecha de adquisición Fuente de adquisición Total de préstamos Signatura topográfica completa Código de barras Visto por última vez Precio de reemplazo Tipo de ítem Koha
        Libros del s. XIX Biblioteca del Ateneo de Madrid Biblioteca del Ateneo de Madrid Sala Pecera Planta 3 17/01/2008     G-8729 1158984 23/02/2023 23/02/2023 Libro impreso antiguo